| 000 | 00446nam a2200169Ia 4500 | ||
|---|---|---|---|
| 008 | 230718s9999 xx 000 0 und d | ||
| 041 | _aeng | ||
| 082 |
_a621.395 _bYAR |
||
| 100 | _aYarbrough J.M. | ||
| 245 |
_aDigital Logic _bApplications And Design |
||
| 250 | _a5th ed. | ||
| 260 |
_c2002 _bThomson Publication |
||
| 300 | _a698 | ||
| 365 |
_cRs. _b350.00 |
||
| 700 | _aYarbrough J.M. | ||
| 906 |
_dB:5208/19.07.200415-Sep-2005 _cETC _b70 |
||
| 999 |
_c308322 _d308322 |
||